Tottenham Hotspur Top-5 Scorers Since 1992/93 Quiz Stats

Quiz not verified by Sporcle

Challenge
Share
Tweet
Embed
Score 0/142 Timer 12:00
8 Plays Today
% Correct
Harry Kane
99.2%
Harry Kane
99.1%
Harry Kane
98.3%
Dele Alli
95.6%
Jermain Defoe
95.2%
Jermain Defoe
95.2%
Jermain Defoe
95.2%
Jermain Defoe
95.2%
Jermain Defoe
95.2%
Jermain Defoe
95.2%
Jermain Defoe
95.2%
Jermain Defoe
95.2%
Dele Alli
94.9%
Jermain Defoe
94.8%
Gareth Bale
93.6%
Gareth Bale
93.6%
Christian Eriksen
93.5%
Gareth Bale
93.4%
Christian Eriksen
92.6%
Robbie Keane
90.2%
Robbie Keane
90.2%
Robbie Keane
90.2%
Robbie Keane
90.2%
Robbie Keane
90.2%
Robbie Keane
90.2%
Robbie Keane
90.2%
Robbie Keane
90.2%
Son Heung-min
88.9%
Christian Eriksen
88.8%
Christian Eriksen
88.8%
Teddy Sheringham
87.8%
Teddy Sheringham
87.8%
Teddy Sheringham
87.8%
Teddy Sheringham
87.8%
Teddy Sheringham
87.8%
Teddy Sheringham
87.8%
Teddy Sheringham
87.8%
Son Heung-min
86.2%
Emmanuel Adebayor
85.4%
Emmanuel Adebayor
84.3%
Emmanuel Adebayor
81.9%
Emmanuel Adebayor
81.9%
Jürgen Klinsmann
81.8%
Jürgen Klinsmann
81.8%
Dimitar Berbatov
80.1%
Dimitar Berbatov
80.1%
Peter Crouch
78.7%
Peter Crouch
78.7%
% Correct
Aaron Lennon
77.8%
Aaron Lennon
77.8%
Aaron Lennon
76.7%
Rafael van der Vaart
76.7%
Rafael van der Vaart
76.7%
Érik Lamela
76.4%
Érik Lamela
76.1%
Les Ferdinand
71.9%
Les Ferdinand
71.9%
Les Ferdinand
71.9%
Les Ferdinand
71.9%
Luka Modrić
71.8%
Darren Bent
71.4%
Darren Bent
71.4%
Ledley King
70.8%
Ledley King
70.8%
Danny Rose
69.5%
Roberto Soldado
69.4%
Darren Anderton
69.3%
Darren Anderton
69.3%
Darren Anderton
69.3%
Darren Anderton
69.3%
Steffen Iversen
63%
Steffen Iversen
63%
Steffen Iversen
63%
Steffen Iversen
63%
David Ginola
62.5%
David Ginola
62.5%
David Ginola
62.5%
Chris Armstrong
62%
Chris Armstrong
62%
Chris Armstrong
62%
Chris Armstrong
62%
Chris Armstrong
62%
Roman Pavlyuchenko
61.9%
Roman Pavlyuchenko
61.9%
Roman Pavlyuchenko
61.9%
Nacer Chadli
61.9%
Toby Alderweireld
61.3%
Sol Campbell
61.3%
Stephen Carr
59.8%
Jermaine Jenas
58.6%
Jermaine Jenas
58.6%
Jermaine Jenas
58.6%
Jermaine Jenas
58.6%
Jan Vertonghen
55.6%
Victor Wanyama
55%
Eric Dier
52.7%
% Correct
Serhiy Rebrov
52.1%
Frédéric Kanouté
47.7%
Frédéric Kanouté
47.7%
Paulinho
45.6%
Clint Dempsey
45.2%
Tim Sherwood
44.6%
Gustavo Poyet
44.5%
Gustavo Poyet
44.5%
Gustavo Poyet
44.5%
Mido
44.1%
Mido
44.1%
Simon Davies
43.8%
Simon Davies
43.8%
Ruel Fox
42.3%
Ruel Fox
42.3%
Nick Barmby
41.3%
Nick Barmby
41.3%
Nick Barmby
41.3%
Jamie Redknapp
38.3%
Christian Ziege
34.9%
Niko Kranjčar
32.3%
Gylfi Sigurðsson
31.3%
Allan Nielsen
30.4%
Allan Nielsen
30.4%
Andros Townsend
30.1%
Andy Sinton
27.6%
David Howells
27.1%
Øyvind Leonhardsen
26.8%
Øyvind Leonhardsen
26.8%
Steed Malbranque
26%
Jason Dozzell
25%
Jason Dozzell
25%
Ilie Dumitrescu
23.2%
Paul Allen
22.6%
Colin Calderwood
20%
Gordon Durie
19.5%
Gary Doherty
16.4%
Nayim
16.2%
Neil Ruddock
16.1%
Steve Sedgley
15.7%
Steve Sedgley
15.7%
Willem Korsten
11.4%
Stéphane Dalmat
11.3%
Dean Marney
10.8%
Stephen Kelly
7.8%
Andy Turner
7.2%

You're not logged in!

Compare scores with friends on all Sporcle quizzes.
Sign Up with Email
OR
Log In

Show Comments

Extras

Top Quizzes Today


Score Distribution

Your Account Isn't Verified!

In order to create a playlist on Sporcle, you need to verify the email address you used during registration. Go to your Sporcle Settings to finish the process.